000 00636nam a2200229 a 4500
001 62431
003 BD-RjUL
005 20211209081102.0
008 170124r19461944enk |||| |||| 001 0 eng d
035 _a(BD-RjUL)62557
040 _aBD-RjUL
_beng
_cBD-RjUL
041 _aeng
082 _223
_a331.128
_bKNS 1946
100 _aKnowlson,T Sharper.
_9185676
245 _aSelling your ability /
_cT Sharper Knowlson.
250 _a2nd.
260 _aLondon:
_bThorsons publishers,
_c1944[reprinted 1946]
300 _a176 p. ;
_c21 cm.
500 _aIncludes index.
650 _aApplications for positions.
_9182428
942 _2ddc
_cBK
999 _c62431
_d62431